| 000 | 01052nam2a22002411 4500 | ||
|---|---|---|---|
| 001 | RU\NLR\Per\605200 | ||
| 005 | 20250617173259.0 | ||
| 035 | _a(NLR Aleph) 002856156 | ||
| 090 |
_a3061441 _c3061441 |
||
| 100 | _a20090507d2003 |||y0rusy50 ca | ||
| 101 | 0 | _arus | |
| 102 | _aRU | ||
| 200 | 1 |
_aСоциальное партнерство на рынке труда _fК.Г. Кязимов |
|
| 210 |
_d2003 _aБ. м. |
||
| 461 | 0 |
_1001RU\NLR\INFOCOMM29\5000545275 _12001#$aПрофессиональное образование$iПриложение$eЖурн.$fАкад. проф. образования$v2003, вып. 9 _94160006 _cМ. _d2002 - _fАкад. проф. образования _iПриложение _nИзд. центр НОУ ИСОМ _oЖурн. _tПрофессиональное образование _v2003, вып. 9 |
|
| 700 | 1 |
_aКязимов _bК. Г. _4070 |
|
| 801 | 0 |
_aRU _bNLR _c20090507 _gpsbo |
|
| 801 | 1 |
_aRU _bNLR _c20090507 _2rusmarc |
|
| 852 |
_aNLR _jП28/1994 |
||
| 942 | _cISSUE | ||
| 980 | _aNB | ||
| 980 | _aRUSPER | ||